Ebb and flow, November 1950-July 1951 /

Bibliographic Details
Main Author: Mossman, Billy C., 1920-
Corporate Author: Center of Military History
Format: Government Document eBook
Language:English
Published: Washington, D.C. : Center of Military History, United States Army, 1990.
Series:United States Army in the Korean War (Center of Military History)
CMH pub ; 20-4.
Subjects:
Online Access:https://purl.fdlp.gov/GPO/gpo27248

MARC

Tag First Indicator Second Indicator Subfields
LEADER 00000cam a2200000 a 4500
001 in00002760721
005 20211120165252.0
006 m d f
007 cr bn|||||||||
008 100519s1990 dcuab ob f001 0 eng c
019 |a 664407218  |a 778255594 
035 |a (OCoLC)ocn622267404 
040 |a OCLCE  |b eng  |c OCLCE  |d OCLCQ  |d GPO  |d MvI  |d UtOrBLW 
042 |a pcc 
043 |a a-kr---  |a n-us--- 
049 |a WWW 
074 |a 0344 (online) 
086 0 |a D 114.2:K 84/5 
100 1 |a Mossman, Billy C.,  |d 1920- 
245 1 0 |a Ebb and flow, November 1950-July 1951 /  |c by Billy C. Mossman. 
264 1 |a Washington, D.C. :  |b Center of Military History, United States Army,  |c 1990. 
300 |a 1 online resource (xviii, 551 pages) :  |b illustrations, color maps. 
336 |a text  |b txt  |2 rdacontent 
337 |a computer  |b c  |2 rdamedia 
338 |a online resource  |b cr  |2 rdacarrier 
490 1 |a United States Army in the Korean War (Center of Military History) 
490 1 |a CMH pub ;  |v 20-4 
500 |a Title from title screen (viewed on Aug. 23, 2012). 
500 |a On cover: Korean War, 40th anniversary commemorative edition. 
504 |a Includes bibliographical references (pages 508-509) and index. 
500 |a Electronic resource. 
650 0 |a Korean War, 1950-1953  |x Campaigns. 
610 1 0 |a United States.  |b Army  |x History  |y 20th century. 
610 1 0 |a United States.  |b Army  |x History  |y Korean War 1950-1953. 
710 2 |a Center of Military History. 
776 0 8 |i Print version:  |a Mossman, Billy C., 1920-  |t Ebb and flow, November 1950-July 1951  |w (DLC) 89600137  |w (OCoLC)19846599 
830 0 |a United States Army in the Korean War (Center of Military History) 
830 0 |a CMH pub ;  |v 20-4. 
856 4 0 |u https://purl.fdlp.gov/GPO/gpo27248  |t 0 
999 |a MARS 
999 f f |s 90e16281-077b-3762-be85-a6854d31c031  |i 9aed67de-0bb2-35f6-9fa3-b191d90daa49  |t 0 
952 f f |a Texas A&M University  |b College Station  |c Electronic Resources  |d Available Online  |t 0  |e D 114.2:K 84/5  |h Superintendent of Documents classification 
998 f f |a D 114.2:K 84/5  |t 0  |l Available Online